• 首页
  • 本馆介绍
  • 公告通知
  • 最新文献
  • 馆藏检索
  • 电子资源
  • 读者导购
  • 参考咨询
  • 我的图书馆
  • 登录
  • 详细信息显示
  • 放入我的书架
  • 预约/预借图书
  • 作者相关作品
  • 分类相关作品
  • 丛书相关作品
  • 出版社相关作品

书目信息

  • 表格格式
  • 工作单格式
  • 卡片格式
题名:
笑话四百八
    
 
作者: 尤默 著
分册:  
出版信息: 长春   吉林人民出版社  1982.5
页数: 315页
开本: 20cm
丛书名:
单 册:
中图分类: I276.8
科图分类:
主题词: 民间文学--中国
电子资源:
ISBN:
000 00510nam0 2200193 45
001 0312221749
005 20040413105112.2
010    @dCNY0.83
100    @a20031222d1982 km y0chiy0120 ea
101    @achi
105    @a z 000yy
200 1  @a笑话四百八@AXiao Hua Si Bai Ba@f尤默著@FYou Mo Zhu
210    @a长春@c吉林人民出版社@d1982.5
215    @a315页@d20cm
606 0  @a民间文学@x中国
690    @aI276.8@v3
701 0  @a尤默@4著
801    @aCN@bTSTCL@c20031222
905    @dI276.8@e29@f1@b75280@b75276@f1
    
    笑话四百八/尤默著.-长春:吉林人民出版社,1982.5
    315页;20cm
    
    
    ISBN :CNY0.83
    
●
相关链接 在E读中查询图书 在五车中查询图书 在当当中查询图书 在豆瓣中查询图书


正题名:笑话四百八     索取号:I276.8/29         预约/预借

序号 登录号 条形码 馆藏地/架位号 状态 备注
1 0075276   000781130   第二借阅区/ [索取号:I276.8/29] 在馆    
2 0075280   001503796   第二借阅区/ [索取号:I276.8/29] 在馆    
唐山师范学院图书馆 欢迎您!
大连网信软件有限公司© 版权所有